00000000nam##2200000za#4500
0019.580865
003CaOODSP
00520210624191238
007cr |||||||||||
008150406|2006||||xxc|||||o    f|0| 0 eng|d
040 |aCaOODSP|beng
043 |an-cn---
0861 |aRv55-5/11-4-14-2006E-PDF
1102 |aCanada Border Services Agency.
24510|aCertification of origin |h[electronic resource]
260 |aOttawa - Ontario : |bCanada Border Services Agency
300 |a23p.
4901 |aCustoms D memoranda. D11, General tariff information |vD11-4-14, March 16, 2006
500 |aSuperseded Memoranda "D" – D11-4-14 dated July 15, 1998.
590 |a14-17-Supp|b2014-10-09
77508|tCertificat d'origine |w(CaOODSP)9.607802
7760#|tCertificat d'origine |w(CaOODSP)9.542871
7760#|tCertification of origin |w(CaOODSP)9.542870
830#0|aCustoms D memoranda. D11, General tariff information ;|vD11-4-14, March 16, 2006|w(CaOODSP)9.816825
85640|ahttp://publications.gc.ca|qPDF|s542 KB|uhttps://publications.gc.ca/collections/collection_2014/asfc-cbsa/Rv55-5-11-4-14-2006-eng.pdf|yD11-4-14, March 16, 2006